000
00237 a2200097 4500
001
58773
100
_a
245
_a
Flight Simulation; Virtual Environments in Aviation
260
_a
Great Britain
_b
Ashgate
_c
2005
090
_c
36085
_d
36085
942
_a
NUST-CAE
_c
_c
28986
999
_c
293846
_d
293846